[Event "POR-ch U18"]
[Site "Luso"]
[Date "2018.03.26"]
[Round "4"]
[White "Lima, Diogo Nunes"]
[Black "Bastiao, Goncalo de Oliveira"]
[Result "1/2-1/2"]
[WhiteElo "1187"]
[BlackElo "1609"]
[PlyCount "54"]
[EventDate "2018.03.24"]
[EventType "swiss"]
[EventRounds "7"]
[EventCountry "POR"]
[SourceTitle "EXT 2019"]
[Source "ChessBase"]
[SourceDate "2018.10.10"]
[SourceVersion "1"]
[SourceVersionDate "2018.10.10"]
[SourceQuality "1"]

1. e4 c6 2. d4 d5 3. Nc3 dxe4 4. Nxe4 Bf5 5. Ng3 Bg6 6. Nf3 Nf6 7. Bd3 e6 8. Bxg6 hxg6 9. Bg5 Nbd7 10. 0-0 Qc7 11. Re1 0-0-0 12. h3 Be7 13. Ne4 Nb6 14. Qe2 Nxe4 15. Bxe7 Ng3 16. Qe5 Qxe7 17. Qxg3 Nc4 18. Rab1 Nd6 19. Qe5 Rh5 20. Qe2 Rdh8 21. Ne5 Nf5 22. Rbd1 R8h7 23. c3 Kb8 24. Rd3 Ka8 25. Kf1 Qf6 26. g4 Rxh3 27. Rxh3 Rxh3 1/2-1/2

[Event "POR-ch U18"]
[Site "Luso"]
[Date "2018.03.25"]
[Round "3"]
[White "Bastiao, Goncalo de Oliveira"]
[Black "Silva, Ana Ines Teixeira D"]
[Result "0-1"]
[WhiteElo "1609"]
[BlackElo "1867"]
[PlyCount "44"]
[EventDate "2018.03.24"]
[EventType "swiss"]
[EventRounds "7"]
[EventCountry "POR"]
[SourceTitle "EXT 2019"]
[Source "ChessBase"]
[SourceDate "2018.10.10"]
[SourceVersion "1"]
[SourceVersionDate "2018.10.10"]
[SourceQuality "1"]

1. e4 c5 2. Nf3 d6 3. d4 cxd4 4. Nxd4 Nf6 5. Nc3 g6 6. Be3 Bg7 7. Bc4 a6 8. f3 Nbd7 9. Bb3 Qc7 10. Qd2 b5 11. a4 b4 12. Nd5 Nxd5 13. exd5 a5 14. 0-0 Ba6 15. Rfe1 0-0 16. Bg5 Qb6 17. Be3 Nc5 18. Rab1 Rac8 19. Nc6 Rfe8 20. Bd4 Nxb3 21. cxb3 Bxd4+ 22. Qxd4 Rxc6 0-1

[Event "POR-ch U18 rapid"]
[Site "Rio Maior"]
[Date "2017.10.21"]
[Round "1"]
[White "Sousa, Hugo Carneiro"]
[Black "Bastiao, Goncalo de Oliveira"]
[Result "1-0"]
[WhiteElo "1816"]
[BlackElo "1488"]
[PlyCount "80"]
[EventDate "2017.10.21"]
[EventType "swiss (rapid)"]
[EventRounds "7"]
[EventCountry "POR"]
[SourceTitle "EXT 2024"]
[Source "ChessBase"]
[SourceDate "2023.10.10"]
[SourceVersion "1"]
[SourceVersionDate "2023.10.10"]
[SourceQuality "1"]

1. e4 c5 2. Nc3 d6 3. f4 g6 4. Nf3 Bg7 5. Bb5+ Bd7 6. Bc4 Nf6 7. e5 dxe5 8. fxe5 Ng4 9. Bxf7+ Kxf7 10. e6+ Ke8 11. exd7+ Qxd7 12. h3 Bxc3 13. bxc3 Nf6 14. 0-0 Nc6 15. d3 h6 16. Qe1 g5 17. Bd2 Rf8 18. Ne5 Nxe5 19. Qxe5 Qd6 20. Rae1 Qxe5 21. Rxe5 b6 22. c4 Kd7 23. Ref5 Nh7 24. Bc3 Rxf5 25. Rxf5 h5 26. h4 gxh4 27. Rxh5 Nf6 28. Bxf6 exf6 29. Rxh4 Re8 30. Kf2 Kd6 31. Rh7 Re7 32. Rxe7 Kxe7 33. Kf3 Kf7 34. Kf4 Ke7 35. Kf5 Kf7 36. c3 Ke7 37. d4 Kf7 38. d5 Ke7 39. g4 a6 40. a4 b5 1-0

[Event "POR CupT Associations"]
[Site "Foz do Arelho"]
[Date "2016.07.21"]
[Round "3.2"]
[White "Rodrigues, Pedro Filipe Alexan"]
[Black "Bastiao, Goncalo de Oliveira"]
[Result "1-0"]
[WhiteElo "2020"]
[BlackElo "1551"]
[PlyCount "77"]
[EventDate "2016.07.20"]
[EventType "team-k.o."]
[EventRounds "3"]
[EventCountry "POR"]
[SourceTitle "EXT 2018"]
[Source "ChessBase"]
[SourceDate "2017.10.13"]
[SourceVersion "1"]
[SourceVersionDate "2017.10.13"]
[SourceQuality "1"]
[WhiteTeam "Bombarral"]
[BlackTeam "Coimbra"]
[WhiteTeamCountry "POR"]
[BlackTeamCountry "POR"]

1. e4 c5 2. Nc3 d6 3. f4 g6 4. Nf3 Bg7 5. Bc4 Nf6 6. d3 a6 7. a4 Nc6 8. 0-0 Bd7 9. Qe1 Na5 10. e5 Nxc4 11. exf6 Bxf6 12. Nd5 e6 13. Nxf6+ Qxf6 14. dxc4 Bc6 15. Bd2 Qe7 16. Bc3 Rg8 17. Ng5 0-0-0 18. Ne4 Bxe4 19. Qxe4 d5 20. cxd5 Rxd5 21. Rad1 Qd7 22. Qf3 Rd8 23. Rxd5 exd5 24. Be5 f5 25. Rd1 d4 26. Qb3 Qe7 27. Qb6 g5 28. Qa7 gxf4 29. Qb8+ Kd7 30. Qxb7+ Ke8 31. Qc6+ Rd7 32. Qc8+ Kf7 33. Qh8 Kg6 34. Qg8+ Kh6 35. Bxf4+ Kh5 36. Qg3 Qh4 37. Re1 Qxg3 38. hxg3 Rb7 39. Re6 1-0

[Event "Coimbra Queima das Fitas op"]
[Site "Coimbra"]
[Date "2016.04.24"]
[Round "5"]
[White "Bastiao, Goncalo de Oliveira"]
[Black "Fernandes, Joao Pedro Murtinho"]
[Result "1/2-1/2"]
[WhiteElo "1490"]
[BlackElo "1812"]
[PlyCount "50"]
[EventDate "2016.04.22"]
[EventType "swiss"]
[EventRounds "7"]
[EventCountry "POR"]
[SourceTitle "EXT 2018"]
[Source "ChessBase"]
[SourceDate "2017.10.13"]
[SourceVersion "1"]
[SourceVersionDate "2017.10.13"]
[SourceQuality "1"]

1. e4 c5 2. Nf3 e6 3. c3 d5 4. exd5 exd5 5. d4 Nf6 6. g3 Nc6 7. Bg2 Be7 8. dxc5 Bxc5 9. 0-0 0-0 10. Bg5 Be7 11. Re1 Be6 12. Nd4 Nxd4 13. Qxd4 h6 14. Bxf6 Bxf6 15. Qd1 Qb6 16. Qb3 d4 17. Qxb6 axb6 18. cxd4 Bxd4 19. Nc3 Bxc3 20. bxc3 Ra3 21. Rab1 Rxc3 22. Rxb6 Bxa2 23. Rxb7 Rfc8 24. Rd7 Rc1 25. Rdd1 Rxd1 1/2-1/2

[Event "Coimbra op"]
[Site "Coimbra"]
[Date "2014.04.26"]
[Round "5"]
[White "Paiva, Henrique MA Alberg"]
[Black "Bastiao, Goncalo de Oliveira"]
[Result "1-0"]
[WhiteElo "1697"]
[BlackElo "1351"]
[PlyCount "49"]
[EventDate "2014.04.25"]
[EventType "swiss"]
[EventRounds "7"]
[EventCountry "POR"]
[SourceTitle "CBM 160 Extra"]
[Source "ChessBase"]
[SourceDate "2014.07.01"]
[SourceVersion "1"]
[SourceVersionDate "2014.07.01"]
[SourceQuality "1"]

1. e4 c5 2. Nf3 d6 3. d4 cxd4 4. Nxd4 g6 5. Nc3 Bg7 6. Be2 Nc6 7. Be3 Nf6 8. 0-0 0-0 9. Qd2 Bd7 10. f4 a6 11. f5 b5 12. a3 Rc8 13. g4 Nxd4 14. Bxd4 e5 15. Be3 Bc6 16. Bf3 h5 17. gxh5 Nxh5 18. Bxh5 gxh5 19. Bg5 Qb6+ 20. Kh1 Bb7 21. Rae1 f6 22. Bh6 a5 23. Bxg7 Kxg7 24. Rg1+ Kh7 25. Rg6 1-0